Mamluk Economics: A Study and Translation of Al-Maqrizi's Ughathah (Record no. 13728)

MARC details
000 -LEADER
fixed length control field 00532nam a2200181 a 4500
020 ## - INTERNATIONAL STANDARD BOOK NUMBER
ISBN 0874800
082 00 - DEWEY DECIMAL CLASSIFICATION NUMBER
Classification number 330.962
Author Cutter ALL
100 ## - MAIN ENTRY--AUTHOR NAME
Author name Allouche, Adel
245 ## - TITLE STATEMENT
Title Mamluk Economics: A Study and Translation of Al-Maqrizi's Ughathah
260 ## - PUBLICATION, DISTRIBUTION, ETC. (IMPRINT)
Place of publication Salt Lake City
Name of publisher University of Utah Press
Year of publication 1994
300 ## - PHYSICAL DESCRIPTION
Number of Pages 162p
500 ## - GENERAL NOTE
General note includes index and biblioraphy
505 2# - FORMATTED CONTENTS NOTE
Formatted contents note 0epilogue, Notes, Selected Bibliography, Index
650 ## - SUBJECT ADDED ENTRY--TOPICAL TERM
Topical Term Egypt-Economy
650 ## - SUBJECT ADDED ENTRY--TOPICAL TERM
Topical Term Egypt-History
942 ## - ADDED ENTRY ELEMENTS (KOHA)
Koha item type Books
700 1# -
-- Allouche, Adel
Holdings
Collection code Home library Current library Date acquired Cost, normal purchase price Full call number Accession Number Koha item type
  Henry Martyn Institute Library Henry Martyn Institute Library 09/02/2008 460.00 330.962 ALL 021013 Books
                   Copyright © 2026 | Henry Martyn Institute | Hyderabad | TS-500052 | INDIA | Implemented by hmi.edu.in
Hit-Count:

Powered by Koha